00952 2200349 4500001002100000005001500021035002000036007000300056040001700059100002300076245005300099250001200152300004100164020001800205041000800223082001000231084001600241090002200257264004100279336002100320337003000341338002300371650002100394700004100415850001000456008004100466990001800507990001800525990001700543990001800560990002400578INLIS00000000000594220260423085814 a0010-0322000186ta aSBPUPADbInd0 aSalimanePengarang1 aKamus Pendidikan, Pengajaran Dan Umum /cSaliman a.-cet.1 avi, 238 hlm. :billus. ;c15 x 20 cm a979-518-564-00 aInd a370.1 a370.1 SAL k a338.04 LON k 10-3 a.--Jakarta :bPT Rineka Cipta,c1994 2rdacontentaTeks 2rdamediaaTanpa Perantara 2rdacarrieravolume 4aKamus Pendidikan0 aPengarang ke-2, SudarsonoePengarang aPUPAD260423 0  a13448/Br/2010 a13447/BR/2010 a5419/BR 2010 a13446/BR/2010 a5415/ARPUS-PDG 2007